000 00657nam a2200241Ia 4500
005 20260430150631.0
008 008 250103s9999 xx 000 0 eng d
037 _aTheses
040 _aCRL
040 _beng
040 _ceng
041 _2eng
041 _aeng
084 _qCRL
100 _aGarg Manika Au.; Goel Anita Gu.
_91238056
245 0 _aMitigating Academic Dishonesty in Online Assessment using Machine Learning
260 _c2024
300 _a153p-.
650 _aComputr Science
700 _aUniversity of Delhi. Faculty of Mathematical Sciences. Deptt. of Computer Science
942 _cTH
999 _c1850261
_d1850261